Figure Out the Lyrics: The Moon is Made of Cheese Quiz Stats

 Plays Quiz not verified by Sporcle

Score 0/150 Timer 07:00
0 Plays Today
% Correct
The
100%
I
100%
I
100%
the
100%
the
100%
I
100%
the
100%
the
100%
the
100%
I
100%
I
100%
The
100%
I
100%
the
100%
the
100%
And
100%
the
100%
the
100%
And
100%
the
100%
the
100%
And
100%
the
100%
a
100%
And
100%
the
100%
And
100%
the
100%
And
100%
the
100%
the
100%
And
100%
the
100%
the
100%
And
100%
the
100%
And
100%
the
100%
the
100%
The
100%
moon
66.7%
is
66.7%
made
66.7%
of
66.7%
cheese
66.7%
is
66.7%
of
66.7%
on
66.7%
on
66.7%
of
66.7%
% Correct
made
66.7%
of
66.7%
on
66.7%
moon
66.7%
is
66.7%
but
33.3%
can't
33.3%
taste
33.3%
it
33.3%
But
33.3%
like
33.3%
way
33.3%
texture
33.3%
feels
33.3%
when
33.3%
lick
33.3%
surface
33.3%
rumors
33.3%
start
33.3%
to
33.3%
go
33.3%
round
33.3%
world
33.3%
that
33.3%
I'm
33.3%
crazy
33.3%
Cause
33.3%
can't
33.3%
even
33.3%
taste
33.3%
But
33.3%
guess
33.3%
they
33.3%
don't
33.3%
know
33.3%
me
33.3%
grass
33.3%
always
33.3%
green
33.3%
but
33.3%
just
33.3%
changed
33.3%
it
33.3%
To
33.3%
remind
33.3%
me
33.3%
way
33.3%
it
33.3%
was
33.3%
when
33.3%
% Correct
world
33.3%
was
33.3%
younger
33.3%
TV's
33.3%
radio
33.3%
telephone's
33.3%
stereo
33.3%
leaves
33.3%
turn
33.3%
to
33.3%
colorful
33.3%
shade
33.3%
turquoise
33.3%
birds
33.3%
are
33.3%
trees
33.3%
Think
33.3%
I've
33.3%
explained
33.3%
this
33.3%
they
33.3%
fly
33.3%
around
33.3%
an
33.3%
airplane
33.3%
In
33.3%
business
33.3%
class
33.3%
section
33.3%
ants
33.3%
crawl
33.3%
in
33.3%
Earth's
33.3%
surface
33.3%
turtles
33.3%
roll
33.3%
street
33.3%
orchestra's
33.3%
playing
33.3%
symphonies
33.3%
for
33.3%
free
33.3%
church
33.3%
holds
33.3%
key
33.3%
pretty
33.3%
cheap
33.3%
Then
0%
cheeese
0%
through
0%

You're not logged in!

Compare scores with friends on all Sporcle quizzes.
OR
Log In

Show Comments

Extras

Top Quizzes Today


Score Distribution

Your Account Isn't Verified!

In order to create a playlist on Sporcle, you need to verify the email address you used during registration. Go to your Sporcle Settings to finish the process.

Report this User

Report this user for behavior that violates our Community Guidelines.

Details: